01207nam a22002177a 4500003000900000008004100009040007100050082002000121245014800141260003000289300002800319440010000347505035100447650002000798650002000818650001500838650002100853700002800874710003200902710005500934AR-CdUCM190425b ||||| |||| 00| 0 spa d aMUNICIPALIDAD PROVINCIAL DEL CUSCOcBIBLIOTECA MUNICIPAL DEL CUSCO aSitua/N°9/1997 aSitua :bRevista semestral de la Facultad de Medicina Humana /cFacultad de Medicina Humana, Universidad Nacional de San Antonio Abad del Cusco aCusco :b[UNSAAC],c1997. a59 páginas. :c31 cm. aSitua revista semestral de la Facultad de Medicina Humana.nAño,5, N° 9, octubre-marzo 1997. aContenido: Política regional de salud y reforma sectorial. Oscar Liendo Seminario. -- Investigaciones sobre la hierba medicinal estrellaquisca. Rita Aquino. -- La medicina y los médicos del futuro. Halfan Mahler. -- Antropología de la depresión. Javier Mariátegui. -- Internado rural trabajo comunitario en Mollebamba. Ofelia Araoz.... aMedicina humana aSalud pública aHospitales aCentros de Salud aLiendo Seminario, Oscar aFacultad de Medicina Humana aUniversidad Nacional de San Antonio Abad del Cusco